000 00917nas a2200289 4500
001 BR2012008045
003 BR-BrBNA
005 20231205121401.0
007 ta
008 230509b bl.|||p| |||| 00| 00por d
040 _aBR-BrBNA
_bpor
_cBiblioteca Nacional de Agricultura
041 _a(En)
072 _aP36; L01; M01
100 1 _aMoraes, M.J. de
100 1 _aOliveira Filho, D.
100 1 _aMartins, J.H.
100 1 _aSantos, L.C.
245 1 _aElectric signals for separation of earthworms (Eudrilus eugeniæ)
650 _aMINHOCA
650 _aISCA
650 _aELETRICIDADE
650 _aCOMPOSTAGEM
773 0 _tRevista Brasileira de Engenharia Agrícola e Ambiental (Brazil)
_xISSN 1807-1929
_g(Oct-2012), v.16(10) p. 1137-1142
_wBR2012008045
856 4 0 _uhttp://www.agriambi.com.br/revista/v16n10/v16n10a15.pdf
909 _a202311
_bLúcia
_c55
_dLúcia Elande
942 _2AGRIS
_n0
_cANA
999 _c223291
_d223291